Sự tích thành hoàng làng ở Phú Xuyên, Hà Nội

সংরক্ষণ করুন:
গ্রন্থ-পঞ্জীর বিবরন
বিন্যাস: গ্রন্থ
ভাষা:Vietnamese
প্রকাশিত: H. Lao động 2011
বিষয়গুলি:
ট্যাগগুলো: ট্যাগ যুক্ত করুন
কোনো ট্যাগ নেই, প্রথমজন হিসাবে ট্যাগ করুন!
Thư viện lưu trữ: Mạng thư viện Đại học Đà Nẵng
LEADER 01286aam a22003618a 4500
001 000016123
003 12514
005 20120719140742.0
008 120719s2011 viesd
020 |d 2000b 
041 0 |a vie 
082 1 4 |2 14  |a 398.20959731  |b Sưt 
245 0 0 |a Sự tích thành hoàng làng ở Phú Xuyên, Hà Nội  |c Trần Huy Đĩnh, Vũ Quang Liễn, Phạm Vũ Đỉnh, Vũ Quang Dũng (sưu tầm) 
260 |a H.  |b Lao động  |c 2011 
300 |a 364 tr  |c 21cm 
500 |a ĐTTS ghi: Hội Văn nghệ dân gian Việt Nam 
546 |a Chính văn bằng 2 thứ tiếng: Việt - Ba Na 
650 7 |2 Bộ TK TVQG 
650 7 |2 Bộ TK TVQG 
650 |a Phú Xuyên, Hà Nội 
651 7 |2 Bộ TK TVQG  |a Việt Nam 
653 |a sự tích 
655 7 |2 Bộ TK TVQG  |a Sử thi 
OWN |a LSP 
AVA |a UDN50  |b LSP  |d 398.20959731 Sưt  |e available  |t Error 5001 Not defined in file expand_doc_bib_avail.  |f 1  |g 0  |h N  |i 0  |k 1 
999 |a From the UDN01 
AVA |a UDN50  |b LSP  |d 398.20959731 Sưt  |e available  |t Error 5001 Not defined in file expand_doc_bib_avail.  |f 1  |g 0  |h N  |i 0  |k 1 
TYP |a Monograph 
TYP |a Printed language 
980 |a Mạng thư viện Đại học Đà Nẵng